000 01101nam a22002537a 4500
003 UA-OsUOA
001 114680
007 ta
008 20151118b un ||||| |||| 00| 0 ukr d
100 _aСапеляк О.
090 _a94(477).15:271
_bС19
942 _cBK
040 _aUA-OsUOA
_bukr
_cUA-OsUOA
_dUA-OsUOA
245 _aУкраїнське Салезіянське Згромадження. Виховати нову людину
_bмонографія
300 _a236 с.
955 _a1
041 _aukr
080 _a94(477).15:271
591 _aСапеляк О.
520 3 _aЗміст1. Салезіянське Згромадження: головні засади діяльності2. Українська гілка світового Салезіянського Згромадження3. Українські Салезіяни в Південній Америці4. Салезіяни в Україні
260 _aЛьвів
_bІН НАНУ України
_c2014
650 7 _a9 Географія. Біографії. Історія
_2UDC
999 _c400825
_d400825